ARRUPE JESUIT UNIVERSITY

CORONAVIRUS -STOP THE SPREAD - CLEAN,DISINFECT,COVER

Truth and eros : (Record no. 123514)

MARC details
000 -LEADER
fixed length control field 01067cam a2200301 a 4500
001 - CONTROL NUMBER
control field 596744
003 - CONTROL NUMBER IDENTIFIER
control field ARRUPE
005 - DATE AND TIME OF LATEST TRANSACTION
control field 20151014121310.0
008 - FIXED-LENGTH DATA ELEMENTS--GENERAL INFORMATION
fixed length control field 910130s1991 nyu b 001 0 eng
010 ## - LIBRARY OF CONGRESS CONTROL NUMBER
LC control number 91007328
020 ## - INTERNATIONAL STANDARD BOOK NUMBER
International Standard Book Number 0415903793
020 ## - INTERNATIONAL STANDARD BOOK NUMBER
International Standard Book Number 0415903807 (pbk.)
040 ## - CATALOGING SOURCE
Original cataloging agency DLC
Transcribing agency DLC
Modifying agency DLC
050 00 - LIBRARY OF CONGRESS CALL NUMBER
Classification number BJ704.F68
Item number R34 1991
082 00 - DEWEY DECIMAL CLASSIFICATION NUMBER
Classification number 170/.92/244
Edition number 20
300 ## - PHYSICAL DESCRIPTION
Dimensions 24 cm.
100 1# - MAIN ENTRY--PERSONAL NAME
Personal name Rajchman, John.
9 (RLIN) 20273
245 10 - TITLE STATEMENT
Title Truth and eros :
Remainder of title Foucault, Lacan, and the question of ethics /
Statement of responsibility, etc John Rajchman.
260 ## - PUBLICATION, DISTRIBUTION, ETC. (IMPRINT)
Place of publication, distribution, etc New York :
Name of publisher, distributor, etc Routledge,
Date of publication, distribution, etc 1991.
300 ## - PHYSICAL DESCRIPTION
Extent 155 p. ;
504 ## - BIBLIOGRAPHY, ETC. NOTE
Bibliography, etc Includes bibliographical references (p. 149-154) and index.
600 10 - SUBJECT ADDED ENTRY--PERSONAL NAME
Personal name Foucault, Michel,
Dates associated with a name 1926-1984.
9 (RLIN) 20274
600 10 - SUBJECT ADDED ENTRY--PERSONAL NAME
Personal name Lacan, Jacques,
Dates associated with a name 1901-1981.
9 (RLIN) 19594
650 #0 - SUBJECT ADDED ENTRY--TOPICAL TERM
Topical term or geographic name as entry element Ethics
Geographic subdivision France.
9 (RLIN) 20275
650 #0 - SUBJECT ADDED ENTRY--TOPICAL TERM
Topical term or geographic name as entry element Ethics, Modern
Chronological subdivision 20th century.
9 (RLIN) 20276
906 ## - LOCAL DATA ELEMENT F, LDF (RLIN)
a 7
b cbc
c orignew
d 1
e ocip
f 19
g y-gencatlg
942 ## - ADDED ENTRY ELEMENTS (KOHA)
Source of classification or shelving scheme Library of Congress Classification
Koha item type Monograph ( Printed materials)
Holdings
Withdrawn status Lost status Source of classification or shelving scheme Damaged status Not for loan Collection code Home library Current library Shelving location Date acquired Total Checkouts Full call number Barcode Date last seen Price effective from Koha item type
    Library of Congress Classification     Main Collection ARRUPE LIBRARY ARRUPE LIBRARY Main Collection 14/10/2015   BJ704.F68R34 1991 46500005498 14/10/2015 14/10/2015 Monograph ( Printed materials)

 

Arrupe Library. PO Box MP320 Mt Pleasant, Harare, Zimbabwe
263 242 745411|librarian@aju.ac.zw